000 00477nam a22001817a 4500
003 MPLRDC
005 20220104200129.0
008 210129b ||||| |||| 00| 0 eng d
020 _a978-983-2036-18-0
082 _a294.1 YY
100 _a雨扬居士
245 _a开运招财好风水--居家篇
_c
260 _a马来西亚
_b城邦(马新)出版集团
_c2007
300 _b
490 _a开运系列: 01
650 _a堪舆--相宅
942 _cBK
_o294.1 YY
999 _c66547
_d66537